ATP Tennis "Who did that?" - Statistics

General Stats
  • This quiz has been taken 135 times
  • The average score is 16 of 20
Answer Stats
Hint Answer % Correct
He has won 20 Grand Slam titles, including eight Wimbledon titles Roger Federer
100%
He has won a record nine Australian Open titles Novak Djokovic
95%
He held the record for most Grand Slam titles won with 13, until Roger Federer passed him in 2009 Pete Sampras
95%
He is a knight, and has also won two gold medals at the Olympics Andy Murray
93%
He became the youngest player since Nadal to enter the ATP top 10 in April 2022 Carlos Alcaraz
92%
He is the most recent American Grand Slam champion (2003 U.S. Open) Andy Roddick
89%
He rose to world number one in February 2022, becoming the first person outside the Big Four to earn that honor since 2004 Daniil Medvedev
87%
He lost to John Isner in the longest tennis match ever in just over 11 hours played over 3 days at Wimbledon 2010 Nicholas Mahut
86%
He is the winningest Norwegian tennis player ever Casper Ruud
85%
He beat Roger Federer in the 2009 U.S. Open final, winning his only Grand Slam title Juan Martin Del Potro
84%
He is the winningest Swedish tennis player ever Bjorn Borg
83%
He hit the hardest recorded serve ever on the ATP Tour (157.2 mph/253 kph) John Isner
83%
He is the only person outside of the Big Four to win the French Open since 2005 Stan Wawrinka
82%
He has won more major championships than any other man Rafael Nadal
81%
These brothers formed the greatest doubles team in the history of the sport Bryan Brothers
79%
He was the first person to ever beat Rafeal Nadal at the French Open Robin Soderling
77%
He was the first person in the Open Era to successfully defend his Wimbledon championship Rod Laver
64%
He is the tallest ever ATP Tour athlete, standing 6'11" Reilly Opelka
61%
He was beaten each member of the Big Three, but has never been ranked inside the top 10 Nick Kyrgios
55%
He was arguably the greatest serve-and-volley player ever, and won two Grand Slam titles Pat Rafter
43%
No matching quizzes found
Score Distribution
Percent of People with Each Score
Percentile by Number Answered
Your Score History
You have not taken this quiz